Textes et documents sur la pratique institutionnelle de la V République
Na minha lista:
| Formato: | Livro |
|---|---|
| Idioma: | francês |
| Publicado em: |
París
La Documentation Francaise
1978
|
| Assuntos: | |
| Tags: |
Adicionar Tag
Sem tags, seja o primeiro a adicionar uma tag!
|
MARC
| LEADER | 00000nam a2200000 a 4500 | ||
|---|---|---|---|
| 001 | UCY9303 | ||
| 003 | CL-VaPUC | ||
| 008 | 950713e19780000FR |||||||||||||||||fre|d | ||
| 082 | 0 | 4 | |a 342.44 |b TEX |2 21 |
| 245 | 1 | 0 | |a Textes et documents sur la pratique institutionnelle de la V République |
| 300 | |a 413 p | ||
| 942 | |c BK | ||
| 945 | |d 19950713 00:00:00 |a aalvarez | ||
| 260 | |a París |b La Documentation Francaise |c 1978 | ||
| 650 | 7 | |a CONSTITUCIONALIDAD |2 CL-VaPUC |9 255951 | |
| 650 | 0 | |a Jurisprudencia |9 255952 | |
| 650 | 0 | |a Derecho constitucional |9 222588 | |
| 651 | 0 | |a Francia |9 255157 | |
| 583 | |a last modification |c 20130926 04:56:38 |k Rodrigo Vera | ||
| 999 | |c 236426 |d 236424 | ||
| 952 | |0 0 |1 0 |4 0 |6 342_440000000000000_TEX_1978 |7 0 |8 A |9 244507 |a BIBDER |b BIBDER |d 2019-11-18 |i 3108252 |o 342.44 TEX 1978 |p 3108252 |r 2019-11-18 |w 2019-11-18 |y BK |k DER | ||
| 952 | |0 0 |1 0 |4 0 |6 342_440000000000000_TEX_1978 |7 0 |8 A |9 244508 |a BIBDER |b BIBDER |d 2019-11-18 |i 1825623 |o 342.44 TEX 1978 |p 1825623 |r 2023-01-25 |w 2019-11-18 |y BK |k DER | ||